| 000 | 00468nam a2200205Ia 4500 | ||
|---|---|---|---|
| 003 | 0100 | ||
| 008 | 130307s9999 xx 000 0 und d | ||
| 040 | _cARRUPELIB | ||
| 050 | _aB1499.K7M3 1937 | ||
| 100 | _aMaund, Constance | ||
| 245 | _aHume's theory of knowledge | ||
| 245 | _ba critical examination | ||
| 260 | _aLondon | ||
| 260 | _bMacmillan Co. LTD | ||
| 260 | _c1937 | ||
| 300 | _a310p. | ||
| 300 | _b24cm. | ||
| 650 | _aPHILOSOPHY | ||
| 942 | 0 | 0 | _01 |
| 999 |
_c85295 _d85295 |
||